000 01730nam a2200265 a 4500
001 ASIN158423539X
003 OSt
005 20180116192424.0
008 140828s2014 xxu eng d
020 _a158423539X (paperback)
020 _a9781584235392 (paperback)
040 _csada
050 0 4 _aHF5770
082 _a688.8068
_bABE 2014
100 1 _aAbellan, Miquel.
_97764
245 1 0 _aFun packaging /
_cby Miquel Abellan.
250 _aBilingual ed.
260 _a[S.l.] :
_bGingko Press Inc.,
_c2014.
300 _a192 p. ;
_c24 cm.
520 _aFun Packaging collects quirky, eye-catching examples of the best bottles, tins, boxes, and bags along with other inventive packaging concepts. While many blue-chip brands rely on consistent marks and reassuring blandness, there's a new ecosystem of companies and products speaking an entirely different language with their packaging. Whether sharp and refined, rude and crude, or cute and friendly, these products jump off the shelves by portraying brand personalities. Notable entries include a Greta Garbo inspired whiskey label, Food Finish, the world's first food coloring in a spray can, high definition labels for fresh fish and a cookbook made of pasta. Designers from around the world include Neumeister Design, Studio Lost & Found, Studio mLlongo, Bayley Design, Beetroot Design Group, The Creative Method, Bessermachen Design Studio, Reynolds & Reyner, Mousegraphics, P&W Design Consultants, lg2boutique, Lun Yau, Fresh Chicken, Andre Zaragoza, Yevgeny Razumov and more.
650 0 _aConsumer goods
_97765
650 0 _aPackaging
_97766
856 4 0 _3Amazon.com
_uhttp://www.amazon.com/exec/obidos/ASIN/158423539X/chopaconline-20
942 _2ddc
_cBK
999 _c354006
_d354006